00517nam a2200169Ia 4500008004100000041000800041082001300049100002800062245002800090260003400118300001400152563000700166650001200173906004000185999001900225952010300244210707s1967 xx 000 0 und d aeng a530 BERK aBERKELEY PHYSICS COURSE aStatistical physics. V5 aNYbMcGraw-Hill Book Coc1967 axxi,398 p aHB aPhysics aStatistical physics Berkeley course c179917d179917 001040708PhysicsaALbALd2001-02-03l0o530 BERKpBB02547r2021-07-08 00:00:00w2021-07-08yBB